Брад Пит (Запис номер 44280)
[ съкратено ]
| 000 -Лидер | |
|---|---|
| Контролно поле с фиксирана дължина | 01735nam a2200421 c 4500 |
| 003 - Код на организацията, давaща контролен номер | |
| Контролно поле | BLK |
| 005 - Дата и час на последна редакция | |
| Контролно поле | 20250801105623.0 |
| 008 - Елементи от данни с фиксирана дължина | |
| fixed length control field | 180408b bul|||||r ||||||| ||bul|| |
| 010 ## - Наследен системен номер | |
| LC control number | KNG00048045000 |
| 040 ## - Източник на каталожния запис | |
| Идентификатор на билиотеката - собственик на записа | BLK |
| 041 ## - Код за език | |
| Код за езика на текст/звукозапис или на отделно заглавие | Български |
| Код за езика КДБФ | Български |
| 080 ## - УДК | |
| Текстов определител УДК | Американска литература (на САЩ) |
| УДК код - определител по УДК | 821.111(73) |
| УДК определител | -312.6 |
| УДК - код + определител | 821.111(73)-312.6 |
| 080 ## - УДК | |
| Текстов определител УДК | Киноактьори |
| УДК код - определител по УДК | 791.44.071.2 |
| УДК определител | (73)(092) |
| УДК - код + определител | 791.44.071.2(73)(092) |
| 080 ## - УДК | |
| Текстов определител УДК | Американски киноактьор |
| УДК код - определител по УДК | 929 Пит, Брад |
| УДК определител | |
| УДК - код + определител | 929 Пит, Брад |
| 100 1# - Редна дума - Автор | |
| Автор | Фокс, А. Б. |
| Авторска отговорност | първи автор |
| R(LIN) | 279274 |
| 139 ## - Редно поле | |
| Редна дума | Фокс, А. Б. |
| Авторски знак | Фок - Ф 68 |
| 245 10 - Сведения за заглавието | |
| Заглавие | Брад Пит |
| Подзаглавни данни | Златното момче на Холивуд |
| Редно поле (дума) | А. Б. Фокс; прев. от англ. Адриан Николаев Лазаровски. |
| 257 ## - Страна на издаване | |
| Страна на създаване/издаване | Съединени американски щати |
| 260 ## - Област на издателските данни | |
| -- | София |
| Име на издателя, разпространителя и проч. | Космополит |
| Година на издаване | 2004 |
| 300 ## - Физическа характеристика | |
| Страници | 140 с. |
| Илюстрации и др. | със сн. |
| Размери/Мащаб | 20 см |
| 380 ## - Жанр | |
| Жанр | Худож. лит. |
| 500 ## - Общи забележки | |
| Забележка | Ориг. загл. Brad Pitt. The Golden Boy of Hollywood / A. B. Fox. - Офс. изд. |
| 600 14 - Име на лице, използвано като предмет | |
| За него / За нея | Пит, Брад |
| 9 (RLIN) | 279275 |
| 650 #4 - Допълнително описание по предмет – тема | |
| Основно описание – тема или топоним | Киноартисти, американски |
| 9 (RLIN) | 243276 |
| 650 #4 - Допълнително описание по предмет – тема | |
| Основно описание – тема или топоним | Пит, Брад |
| 9 (RLIN) | 279275 |
| 651 #4 - Допълнително описание по предмет - топоним | |
| Географско понятие | САЩ |
| 9 (RLIN) | 179493 |
| 653 ## - Ключова дума – ненормативна | |
| Ключова дума | киноартисти |
| 653 ## - Ключова дума – ненормативна | |
| Ключова дума | САЩ |
| 653 ## - Ключова дума – ненормативна | |
| Ключова дума | биографии |
| 653 ## - Ключова дума – ненормативна | |
| Ключова дума | Брад Пит |
| 700 ## - Други автори (авторска отговорност) | |
| Лично име | Лазаровски, Адриан Николаев |
| Дати, свързани с автора | 1976-2015 |
| Друга информация | Преводач от руски и английски език |
| 9 (RLIN) | 368465 |
| 852 ## - Местоположение | |
| Форматна сигнатура | Цб 222470 |
| 856 4# - Електронен адрес и достъп | |
| Електронен формат | pdf - файл |
| Път до файла /url/ | |
| 856 4# - Електронен адрес и достъп | |
| Електронен формат | pdf - файл |
| Път до файла /url/ | |
| 942 ## - АРТИКУЛИ | |
| Вид на библиотечния материал | Книги |
| Скрит в OPAC | Не |
| Koha issues (borrowed), all copies | 18 |
| 944 ## - СЪЗДАВАНЕ И РЕДАКЦИЯ на ЗАПИСА | |
| Създаване/Редакция | Създаване |
| Дата на регистрацията/редакция | 04.02.2005 |
| Служител, извършил регистрацията/редакцията | 30531 |
| Статус, дата на статуса | Цветелина Шанова |
| 944 ## - СЪЗДАВАНЕ И РЕДАКЦИЯ на ЗАПИСА | |
| Създаване/Редакция | Редакция |
| Дата на регистрацията/редакция | 04.02.2011 |
| Служител, извършил регистрацията/редакцията | |
| 999 ## - СИСТЕМНИ КОНТРОЛНИ НОМЕРА | |
| Koha biblionumber | 44280 |
| Koha biblioitemnumber | 44280 |
| Код за отписване | Код за изгубен артикул | Код за повреда | Коз за рестрикции | Код за отдаване | Артикулен № | Име на библиотеката - собственик | Име на библиотеката, в която се намира в момента | Статус (Текущо местоположение) | Дата на вписване в системата | Местоположение - отдел | Цена в лева | Инвентарен номер | Систематично азбучна сигнатура | Баркод | Номер на екземпляра | Цена в евро | Служебна бележка | Служебен тип на артикула |
|---|---|---|---|---|---|---|---|---|---|---|---|---|---|---|---|---|---|---|
| Не е изгубен | Не е повреден | без рестрикции | заемане за дома | 69618 | Регионална библиотека "Любен Каравелов" Русе | Регионална библиотека "Любен Каравелов" Русе | Заемна - подръчен фонд | 2005-02-04 | Заемна - подръчен фонд | 6.50 | 120000691567 | П 820(73)-31/Ф 68 | 120000691567 | 1 | 3.32 | Дост: Pk Вид: Ф N: 3 Дата: 04.02.2005 Дата инв: 15.02.2018 Бележки инв: П2018 | Книги | |
| Не е изгубен | Не е повреден | без рестрикции | заемане за дома | 69619 | Регионална библиотека "Любен Каравелов" Русе | Регионална библиотека "Любен Каравелов" Русе | Заемна - подръчен фонд | 2006-05-04 | Заемна - подръчен фонд | 6.50 | 120000701661 | П 820(73)-31/Ф 68 | 120000701661 | 2 | 3.32 | Дост: Pk Вид: Ф N: 40440 Дата: 03.05.2006 Дата инв: 19.02.2018 Бележки инв: П2018 | Книги |